Logistik im Unternehmen Materialfluss, Organisation, Transport

Na minha lista:
Detalhes bibliográficos
Formato: Periódico
Idioma:alemão
Publicado em: Düsseldorf Verein Deutscher Ingenieure 1992
Tags: Adicionar Tag
Sem tags, seja o primeiro a adicionar uma tag!

MARC

LEADER 00000nas2a2200000 4500
001 s016366
005 20250826114036.7
022 |a 0930-7834 
041 0 |a ger 
044 |a DE 
245 1 0 |a Logistik im Unternehmen  |b Materialfluss, Organisation, Transport 
264 1 |a Düsseldorf  |b Verein Deutscher Ingenieure  |c 1992 
300 |a 1 zv.